000 00748nam a2200241 4500
999 _c370873
_d370873
001 19922
003 OSt
005 20210929132949.0
007 tu
008 190117s2018||||||| ger
020 _a9783947215294
040 _cDE-2950
_aDE-2950
245 0 0 _a"... als geborener Märker und Kind vom Lande".
_bRichard Dehmel, Kremmen und die Mark [1863-1920]
264 _aFrankfurt (Oder)
_bKleist-Museum
_c2021
300 _a31 S. : Abb.
365 _c
440 0 _aFrankfurter Buntbücher
_v64
_wR176
546 _adeutsch
653 _aDehmel, Richard; Schriftsteller, Lyriker, Dramatiker, Komponist, Schriftsteller, 1863-1920
700 1 _aBruyn, Wolfgang de
_eHrsg.
700 1 _aHandke, Anette
_eHrsg.
942 _2z
_cA